Nové technológie a možnosti ich využitia vo vzdelávaní zborník vedeckých statí

Gespeichert in:
Bibliographische Detailangaben
Körperschaft: Ekonomická univerzita v Bratislave. Obchodná fakulta
Weitere Verfasser: Červenka, Peter, 1976-, Hlavatý, Ivan, 1978-, Pólya, Attila
Format: Buch
Sprache:Slowakisch
Englisch
Veröffentlicht: Bratislava Vydavateľstvo EKONÓM 2012
Schlagworte:
Tags: Tag hinzufügen
Keine Tags, Fügen Sie das erste Tag hinzu!

MARC

LEADER 00000nlm a2200000 4500
001 0156607
005 20250814091356.2
020 |a 978-80-225-3449-9 
041 0 |a slo 
041 0 |a eng 
044 |a SK 
245 1 0 |a Nové technológie a možnosti ich využitia vo vzdelávaní  |b zborník vedeckých statí  |c zborník zostavili: Peter Červenka, Ivan Hlavatý ; recenzenti: Attila Pólya, Ivan Hlavatý 
264 1 |a Bratislava  |b Vydavateľstvo EKONÓM  |c 2012 
300 |a CD-ROM [81 s.] 
610 2 0 |a technológie nové 
610 2 0 |a vzdelávanie 
610 2 0 |a univerzity 
610 2 0 |a vzdelávanie dištančné 
610 2 0 |a didaktika 
700 1 |a Červenka, Peter, 1976- 
700 1 |a Hlavatý, Ivan, 1978- 
700 1 |a Pólya, Attila 
700 1 |a Hlavatý, Ivan, 1978- 
710 2 |a Ekonomická univerzita v Bratislave. Obchodná fakulta